000 00406nam a22001337a 4500
008 140818t fr||||| |||| 00| 0 fre d
050 0 4 _aB2430
_bF68 2001
100 1 _aFoucault, Michel
245 1 0 _aDits et écrits 1954-1988
_cMichel Foucault.
_bVolumen I 1976-1988
260 _aFrancia :
_bQuarto Gallimard,
_c2001
300 _a1755 p.
_c22 cm
650 4 _aPsicoanálisis
_xPsicología
942 _2ddc
_cLIB
999 _c76907
_d76907